| 000 | 00472nam a2200157Ia 4500 | ||
|---|---|---|---|
| 008 | 131103s9999 xx 000 0 und d | ||
| 040 | _aLoreto College | ||
| 041 | _aEnglish | ||
| 082 |
_a973/WOO _bLCBED/14797 |
||
| 245 | 2 |
_aA comparative approach to American history _cEdited by C. Vann Woodward |
|
| 260 |
_aUSA _bVoice of America Forum Lectures _c1968 |
||
| 300 |
_aix,390p. _c 20c.m. |
||
| 650 | _aAmerican History | ||
| 700 | _aWoodward, C. Vann ed. | ||
| 942 | _cBK | ||
| 999 |
_c37945 _d88424 |
||